La vida privada y publica de socrates /
Guardado en:
| Autor Principal: | |
|---|---|
| Formato: | Libro |
| Publicado: |
Buenos Aires :
Sudamericana,
1959
|
| Series: | Coleccion Piragua: Biografia
|
| Materias: | |
| Etiquetas: |
Agregar Etiqueta
Sin Etiquetas, Sea el primero en etiquetar este registro!
|
| LEADER | 00609nam a22002055a 4500 | ||
|---|---|---|---|
| 001 | EHU.bham024123 | ||
| 003 | AR-BHAM | ||
| 005 | 20130507135247.0 | ||
| 008 | 130507s1959##################000#0#####d | ||
| 082 | 9 | 2 | |a 921 |
| 100 | 1 | |a Kraus, Rene | |
| 245 | 1 | 0 | |a La vida privada y publica de socrates / |c Rene Kraus |
| 260 | |a Buenos Aires : |b Sudamericana, |c 1959 | ||
| 300 | |a 403 p. | ||
| 490 | 0 | |a Coleccion Piragua: Biografia | |
| 500 | |a Traducido Por Miguel De Hernani | ||
| 653 | |a Biografias | ||
| 653 | |a Socrates | ||
| 653 | |a Biografias de filosofos | ||
| 859 | |a AR-BHAM |b BIB. HUMANIDADES - General |h 921 |i SO14K |p 654.01 |t Ej.1 | ||
